书目信息 |
| 题名: |
C# 2008编程参考手册
|
|
| 作者: | 李 著 ;薛莹 译 | |
| 分册: | ||
| 出版信息: | 北京 清华大学出版社 2009.10 |
|
| 页数: | 690页 | |
| 开本: | 26cm | |
| 丛书名: | ||
| 单 册: | ||
| 中图分类: | TP312C | |
| 科图分类: | ||
| 主题词: | C语言--C yu yan--程序设计 | |
| 电子资源: | ||
| ISBN: | 978-7-302-20955-3 | |
| 000 | 01106nam 2200289 450 | |
| 001 | 603211 | |
| 005 | 20101122183946.32 | |
| 010 | @a978-7-302-20955-3@dCNY88.00 | |
| 100 | @a20101129d2009 em y0chiy50 ea | |
| 101 | 1 | @achi@ceng |
| 102 | @aCN@b110000 | |
| 105 | @aak z 000yy | |
| 200 | 1 | @aC# 2008编程参考手册@AC# 2008 bian cheng can kao shou ce@f(美) Wei-Meng Lee著@g薛莹译@zeng |
| 210 | @a北京@c清华大学出版社@d2009.10 | |
| 215 | @a690页@c图@d26cm | |
| 305 | @a据Wiley Publishing, Inc. 2008年英文版译出 | |
| 306 | @a由Wiley Publishing, Inc.授权清华大学出版社出版 | |
| 312 | @a英文题名:取自封面 | |
| 314 | @a责任者规范汉译姓:李 | |
| 330 | @a本书介绍了.NET Framework、Visual Studio2008和C#语言的基础知识,重点讨论了如何使用C#2008开发各种类型的应用程序,并且给出了相应的样本项目。此外,本书也简要介绍了C#关键字、NET类库和Sandcastle实用程序。 | |
| 500 | 10 | @aC# 2008 programmer's reference@mChinese |
| 606 | 0 | @aC语言@AC yu yan@x程序设计 |
| 690 | @aTP312C@v4 | |
| 701 | 1 | @a李@Ali@g(Lee, Wei-Meng)@4著 |
| 702 | 0 | @a薛莹@Axue ying@4译 |
| 801 | 0 | @aCN@c20101129 |
| 905 | @dTP312C@eL120 | |
| C# 2008编程参考手册/(美) Wei-Meng Lee著/薛莹译.-北京:清华大学出版社,2009.10 |
| 690页:图;26cm |
| ISBN 978-7-302-20955-3:CNY88.00 |
| 本书介绍了.NET Framework、Visual Studio2008和C#语言的基础知识,重点讨论了如何使用C#2008开发各种类型的应用程序,并且给出了相应的样本项目。此外,本书也简要介绍了C#关键字、NET类库和Sandcastle实用程序。 |
| ● |
| 相关链接 |
|
|
|
正题名:C# 2008编程参考手册
索取号:TP312C/L120
 
预约/预借
| 序号 | 登录号 | 条形码 | 馆藏地/架位号 | 状态 | 备注 |
| 1 | 1034764 | 210347640 | 自科二线504/504自科库 4排4列4层/ [索取号:TP312C/L120] | 在馆 | |
| 2 | 1034765 | 210347659 | 自科库301/301自科库 54排2列4层/ [索取号:TP312C/L120] | 在馆 | |
| 3 | 1034766 | 210347668 | 自科库301/301自科库 54排2列4层/ [索取号:TP312C/L120] | 在馆 |